War Law : (Record no. 15044)
[ view plain ]
| 000 -LEADER | |
|---|---|
| fixed length control field | 01309cam a22003254a 4500 |
| 001 - CONTROL NUMBER | |
| control field | 14125218 |
| 005 - DATE AND TIME OF LATEST TRANSACTION | |
| control field | 20060721135917.0 |
| 008 - FIXED-LENGTH DATA ELEMENTS--GENERAL INFORMATION | |
| fixed length control field | 050929s2005 enk | b 001 0 eng |
| 010 ## - LIBRARY OF CONGRESS CONTROL NUMBER | |
| LC control number | 2005045641 |
| 020 ## - INTERNATIONAL STANDARD BOOK NUMBER | |
| International Standard Book Number | 1843543389 |
| 020 ## - INTERNATIONAL STANDARD BOOK NUMBER | |
| International Standard Book Number | 9781843543381 |
| 040 ## - CATALOGING SOURCE | |
| Original cataloging agency | DLC |
| Transcribing agency | DLC |
| Modifying agency | DLC |
| 042 ## - AUTHENTICATION CODE | |
| Authentication code | pcc |
| 050 00 - LIBRARY OF CONGRESS CALL NUMBER | |
| Classification number | KZ6385 |
| Item number | .B94 2006 |
| 082 00 - DEWEY DECIMAL CLASSIFICATION NUMBER | |
| Classification number | 341.6 |
| Edition number | 22 |
| Item number | BYE |
| 100 1# - MAIN ENTRY--PERSONAL NAME | |
| Personal name | Byers, Michael, |
| Dates associated with a name | 1966- |
| 9 (RLIN) | 22769 |
| 245 10 - TITLE STATEMENT | |
| Title | War Law : |
| Remainder of title | International Law and Armed Conflicts / |
| Statement of responsibility, etc | Michael Byers |
| 246 3# - VARYING FORM OF TITLE | |
| Title proper/short title | Understanding international law and armed conflicts |
| 260 ## - PUBLICATION, DISTRIBUTION, ETC. (IMPRINT) | |
| Place of publication, distribution, etc | London : |
| Name of publisher, distributor, etc | Atlantic Books, 2005 |
| Date of publication, distribution, etc | 2005 |
| 300 ## - PHYSICAL DESCRIPTION | |
| Extent | x, 214 p. ; |
| Dimensions | 22 cm. |
| 500 ## - GENERAL NOTE | |
| General note | Originally published: Great Britain : Atlantic Books, 2006. |
| 504 ## - BIBLIOGRAPHY, ETC. NOTE | |
| Bibliography, etc | Includes bibliographical references (p. 186-197) and index. |
| 650 #0 - SUBJECT ADDED ENTRY--TOPICAL TERM | |
| Topical term or geographic name as entry element | War (International law). |
| 9 (RLIN) | 22770 |
| 650 #0 - SUBJECT ADDED ENTRY--TOPICAL TERM | |
| Topical term or geographic name as entry element | War |
| General subdivision | Causes. |
| 9 (RLIN) | 22771 |
| 650 #0 - SUBJECT ADDED ENTRY--TOPICAL TERM | |
| Topical term or geographic name as entry element | Just war doctrine. |
| 9 (RLIN) | 22772 |
| 653 ## - INDEX TERM--UNCONTROLLED | |
| Resource For college | |
| Arrived date list | April2011 |
| 942 ## - ADDED ENTRY ELEMENTS (KOHA) | |
| Source of classification or shelving scheme | Dewey Decimal Classification |
| Item type | Book - Borrowing |
| Withdrawn status | Item status | Source of classification or shelving scheme | Damaged status | Not for loan | Vendor | Home library | Current library | Shelving location | Date acquired | Source of acquisition | Cost, normal purchase price | Total Checkouts | Total Renewals | Full call number | Barcode | Checked out | Date last seen | Date last borrowed | Koha item type |
|---|---|---|---|---|---|---|---|---|---|---|---|---|---|---|---|---|---|---|---|
| Dewey Decimal Classification | AUC | Central Library | Central Library | First floor | 03/04/2011 | 80.00 | 14 | 27 | 341.6 BYE | 000023100 | 22/09/2019 | 11/03/2018 | 11/03/2018 | Book - Borrowing |